000 00215nmm a2200085Ia 4500
008 150209s2015||||xx |||||||||||||||||und||
100 _aSINGH, KULDEEP
245 _aSTEP BY STEP ULTRASOND IN OBESTETRICS
942 _2ddc
_cCD
999 _c5984
_d5984